000 01017nas a2200313 4500
001 BR2019000489
003 BR-BrBNA
005 20231205131611.0
007 ta
008 230509b bl.|||p| |||| 00| 00por d
040 _aBR-BrBNA
_bpor
_cBiblioteca Nacional de Agricultura
041 _a(Pt)
072 _aE14
100 1 _aDadario, N.
100 1 _aPigatto, G.A.S.
100 1 _aBaptista, R.D.
245 1 _aO processo de inovação na produção de leite de bubalinos: um estudo de caso no município de Queiroz/SP
650 _aBÚFALO
650 _aLEITE
650 _aADOÇÃO DE INOVAÇÕES
650 _aPESQUISA
650 _aTECNOLOGIA
650 _aPRODUÇÃO ANIMAL
650 _aDESENVOLVIMENTO RURAL
773 0 _tRevista Brasileira de Engenharia de Biossistemas (Brazil)
_xISSN 2359-6724
_g(2018), v. 12(1) p. 77-90
_wBR2019000489
856 4 0 _uhttp://seer.tupa.unesp.br/index.php/BIOENG/article/view/625/363
909 _a202311
_bLúcia
_c55
_dLúcia Elande
942 _2AGRIS
_n0
_cANA
999 _c255659
_d255659